Slovenská geologická spoločnosť pri SAV : súhrnná správa o činnosti za rok 2005

Bibliographic Details
Main Author: Šimon, Ladislav (Author)
Format: Article
Language:Slovak
Subjects:

MARC

LEADER 00000nab a2200000 a 4500
001 vtls010253337
003 SK-MaSNL
005 20260304163119.0
008 250507 c2006 xo o e slol
015 |a SNBRB2006/05 
035 |a SVKKK000059638 
035 |a (urnnbn)urn:nbn:sk:snk:ar-005jik 
035 |a (uuid)0e3be696-955b-488b-a8ce-c50c5172aa26 
035 |a urn:nbn:sk:snk-ab801n 
038 |a SVKKK 
040 |a SNKBUCL  |b slo  |c SNKBUCL  |e AACR2 
041 0 |a slo 
044 |a xo  |c SK 
080 |a 061.22  |2 1997 
080 |a 55  |2 1997 
100 1 |a Šimon, Ladislav  |4 aut  |9 339766 
245 1 0 |a Slovenská geologická spoločnosť pri SAV :  |b súhrnná správa o činnosti za rok 2005  |c Ladislav Šimon 
610 2 7 |a Slovenská geologická spoločnosť  |2 snkbucl  |9 259041 
650 0 7 |a spoločnosti geologické  |x správy o činnosti  |2 snkbucl  |9 1489691 
773 0 |t Mineralia slovaca  |g Roč. 38, č. 1 (2006)  |g Č. 1 (2006), s. 8  |x 0369-2086  |x 0369-2086 
773 0 |t [Príl.] Geovestník  |g Roč. 38, č. 1 (2006)  |g Č. 1 (2006), s. 8  |x 0369-2086  |x 0369-2086 
850 |a Slovenská národná knižnica 
852 |a Slovenská národná knižnica 
954 |a odborná, vedecká literatúra pôvodná (slovenská)  |2 lita 
958 |a article9 
958 |a OND 
958 |a SK 
958 |a EUIPO 
999 |c 2976708  |d 2978638